000
00319nam a22001337a 4500
082
_a
823
_b
GAZ/D
100
_a
GAZAN, SISSEL JO
245
_a
THE DINOSAUR FEATHER
246
_a
THE DINOSAUR FEATHER
_b
THE DINOSAUR FEATHER
260
_a
LONDON
_b
QUEREUS
_c
1988
300
_a
536
650
_a
ENGLISH FICTION
942
_c
BK
999
_c
9197
_d
9197